00895nam a2200253 a 450000100100000000500170001000800410002702000150006804000250008308200160010810000390012424500540016326000550021730000210027249000430029356300510033674000190038774000160040674000240042283000490044604900090049595201200050499900170062400002267720200930021731.0101014s1997 es 001 0 spa d a8423988260 aDO-SdBNPbspacBNPHU axxxxbA411c1 aAlighieri, Danted1265-132191382510aEl convivio ;bDivina comedia /cDante Alighieri. aMadrid, :bEditorial Espasa Calpe,c1997.fHuertas a517 p. ;c22 cm.1 aAntología de la literatura universal aVarias obras empaginadas en páginas continua2 aDivina comedia2 aEl incendio2 aHistoria de mi vida 0aAntología de la literatura universa946616 aBNPD 001054708MOaGRbGRcHDd2010-10-14iLF1l0oxxxx A411cp22677-10r2020-06-25w2020-06-25y4ZPréstamo en sala c22174d22174